Regional: Glos, Herefords, Worcs and Warks (Record no. 108220)

MARC details
000 -LEADER
fixed length control field 00894cab a22001935a 4500
001 - CONTROL NUMBER
control field L143577
008 - FIXED-LENGTH DATA ELEMENTS--GENERAL INFORMATION
fixed length control field 080520e20080516xxko f 000 0 eng u
035 ## - SYSTEM CONTROL NUMBER
System control number (Sirsi) u143577
041 ## - LANGUAGE CODE
Language code of text/sound track or separate title eng
100 1# - MAIN ENTRY--PERSONAL NAME
Personal name Eade, Christine
245 00 - TITLE STATEMENT
Title Regional: Glos, Herefords, Worcs and Warks
260 ## - PUBLICATION, DISTRIBUTION, ETC.
Date of publication, distribution, etc. 2008
490 #0 - SERIES STATEMENT
Series statement Property Week
Volume/sequential designation 73(20), 16 May 2008, 111-121(6)
520 ## - SUMMARY, ETC.
Summary, etc. Reports on market news and deals from around the region. Discusses two planned retail developments to revitalise Hereford and plans to turn Cheltenham's Palladian style Regency council offices into a boutique hotel. Reports on how a new football stadium and a waterside development are regenerating Worcester and how Rugby is using its sporting heritage as a tourist attraction.
590 ## - LOCAL NOTE (RLIN)
Local note KA
651 #4 - SUBJECT ADDED ENTRY--GEOGRAPHIC NAME
Geographic name Gloucestershire
690 ## - LOCAL SUBJECT ADDED ENTRY--TOPICAL TERM (OCLC, RLIN)
Topical term or geographic name as entry element PROPERTY-COMMERCIAL PROPERTY-COMMERCIAL PROPERTY MARKET
942 ## - ADDED ENTRY ELEMENTS (KOHA)
Suppress in OPAC 0
Holdings
Withdrawn status Lost status Source of classification or shelving scheme Damaged status Not for loan Home library Current library Shelving location Date acquired Total Checkouts Full call number Barcode Date last seen Copy number Price effective from Koha item type
    Dewey Decimal Classification     London London Journal article 20/05/2008   L143577 143577-1001 06/08/2019 1 06/08/2019 Journal article